Click the Landlocked U.S. State on a Borderless Map - Sudden Death - Statistics

General Stats
  • This quiz has been taken 551 times
  • The average score is 13 of 27
Answers on the Map
Answers color-coded by a green-red scale on the quiz's map according to % correct below.
 
Answer Stats
Answer % Correct
Michigan
66%
Minnesota
61%
Montana
59%
North Dakota
58%
Wisconsin
55%
Arizona
53%
Nevada
53%
New Mexico
50%
South Dakota
49%
Illinois
47%
Indiana
47%
Iowa
47%
Ohio
47%
Wyoming
47%
Idaho
46%
Colorado
45%
Pennsylvania
45%
Utah
45%
Nebraska
43%
Vermont
43%
Oklahoma
41%
Kentucky
40%
Missouri
40%
Kansas
39%
West Virginia
39%
Arkansas
38%
Tennessee
36%
No matching quizzes found
Score Distribution
Percent of People with Each Score
Percentile by Number Answered
Your Score History
You have not taken this quiz